000 nam a22 7a 4500
999 _c10275
_d10275
008 180213b ||||| |||| 00| 0 eng d
100 _aVidyarthi, A
_96254
245 _aGo grammer class - III
260 _aNew delhi
_bR K Publication
_c2013